000 00646nam a2200253Ia 4500
003 OSt
005 20220912152812.0
006 a|||||r|||| 00| 0
007 ta
008 220909b |||||||| |||| 00| 0 eng d
024 _a34001
037 _cTextual
040 _aCSL
_beng
_cCSL
041 _aeng
082 _aY33.591, L6
100 _aKenny Michael Ed.
245 0 _aUrban life in mediterranean europe
260 _c1976
300 _ap.
_ccm.
650 _aUrban sociology
700 _a Kertzer David I Ed.
942 _hY33.591, L6
_cTEXL
_2CC
999 _c92315
_d92315